000 00434cam a22001575a 4500
001 J100849
008 000000s1923 xxk 000 0 eng u
035 _a(Sirsi) u100849
110 _aSurveyors' Institution
_93783
245 _aExaminations. Papers set at the preliminary and professional examinations 1923.
260 _c1923
300 _a83p.
651 4 _aUnited Kingdom
_y
690 _aBusiness and management
942 _n0
999 _c99879
_d99879